Letra Completa Naquela Mesa - Nelson Gonçalves - Statistics

Estatísticas Gerais
  • Esse quiz foi jogado 43 vezes
  • A pontuação média é 91 de 114
Estatísticas das Respostas
Letra % Correto
me
100%
mesa
100%
de
96%
e
96%
é
96%
ele
96%
na
96%
naquela
96%
o
96%
que
96%
se
96%
a
91%
em
91%
mim
91%
dele
87%
doendo
87%
eu
87%
saudade
87%
87%
contava
83%
cor
83%
83%
faltando
83%
mais
83%
sei
83%
sempre
83%
dizia
78%
filho
78%
histórias
78%
hoje
78%
manhã
78%
memória
78%
no
78%
seu
78%
assim
74%
bandolim
74%
fala
74%
fez
74%
sentava
74%
vida
74%
viver
74%
guardo
70%
melhor
70%
não
70%
tanto
70%
agora
65%
canto
65%
dói
65%
doída
65%
dor
65%
essa
65%
ninguém
65%
nos
65%
sabia
65%
um
65%
uma
65%
brilho
61%
contente
61%
doía
61%
era
61%
jardim
61%
olhos
61%
resta
61%
sala
61%
seus
61%
soubesse
61%
tão
61%
num
57%
quanto
57%
fiquei
52%
casa
48%
gente
35%
juntava
35%
Nenhum quiz correspondente encontrado
Distribuição das Pontuações
Porcentagem de Pessoas com Cada Pontuação
Percentil de Números Respondidos
Sua Pontuação Histórica
Você não jogou esse quiz